000 00252nam a2200097Ia 4500
001 691351
005 20250826161833.0
008 250824s9999 xx 000 0 und d
245 0 _aKEDER VE MUTLULUK MEG MASON
_cSEDA SEVİNÇ
260 _bTİMAŞ YAYINLARI
999 _c691351
_d691351